000 00775pam a2200277 4500
001 7937
003 BD-RjUL
005 20211208234510.0
008 140116s1975 caua 001 0 eng d
020 _a0716707721
035 _a(BD-RjUL)7981
040 _aDLC
_cDLC
_d(BD-RjUL)
_beng
041 _aeng
082 0 0 _a519.535
_bLEE
100 1 _aLee, Wayne,
_d1935-
_924776
245 1 0 _aExperimental design and analysis /
_cLee, Wayne,
260 _aSan Francisco :
_bW. H. Freeman ,
_c[1975]
300 _axvi, 353 p. :
_billus. ;
_c25 cm.
490 0 _aA Series of books in psychology
504 _aIncludes Index
650 0 _aExperimental design.
_938
650 0 _aAnalysis of variance.
_924777
942 _2ddc
_cBK
999 _c7937
_d7937